000 00930cam a22002773a 4500
001 19875
003 PGUSA
005 20140828083424.0
008 061120s2006||||xxu|||||s|||||000 | eng d
040 _aPGUSA
_beng
042 _adc
050 4 _aE456
100 1 _aThayer, William Makepeace,
_d1820-1898
245 1 4 _aThe Bobbin Boy ;
_bor, How Nat Got His learning
_h[electronic resource] /
_cWilliam Makepeace Thayer
260 _bProject Gutenberg,
_c2006
506 _aPublic domain in the USA.
516 _aElectronic text
653 _aStatesmen -- United States -- Biography -- Juvenile literature
653 _aSelf-culture -- Juvenile literature
653 _aPolitical oratory -- Juvenile literature
653 _aBanks, Nathaniel Prentiss, 1816-1894
653 _aTemperance -- Juvenile literature
830 0 _aProject Gutenberg
_v19875
856 4 0 _uhttp://www.gutenberg.org/ebooks/19875
942 _cEB
999 _c249130
_d249130